[Event "Imperia Province-ch"]
[Site "Imperia"]
[Date "1999.01.23"]
[Round "2"]
[White "Donato, Antonino"]
[Black "Bianchin, Roberto"]
[Result "0-1"]
[WhiteElo "1485"]
[BlackElo "1713"]
[PlyCount "120"]
[EventDate "1999.01.22"]
[EventType "swiss"]
[EventRounds "5"]
[EventCountry "ITA"]
[SourceTitle "EXT 2024"]
[Source "ChessBase"]
[SourceDate "2023.10.10"]
[SourceVersion "1"]
[SourceVersionDate "2023.10.10"]
[SourceQuality "1"]

1. e4 c6 2. Nf3 d5 3. exd5 cxd5 4. d4 Nf6 5. Nc3 Nc6 6. Bf4 a6 7. Ne5 e6 8. Be2 Qb6 9. Nxc6 bxc6 10. Na4 Qa5+ 11. c3 Nd7 12. Qb3 c5 13. Nxc5 Nxc5 14. dxc5 Bxc5 15. 0-0 Qb6 16. Qxb6 Bxb6 17. Bd6 Kd7 18. Bg3 Rd8 19. a4 Ke7 20. b4 Bb7 21. b5 Rdc8 22. Rac1 axb5 23. Bxb5 Ba6 24. Bxa6 Rxa6 25. Rb1 Rxc3 26. a5 Bd4 27. Rb7+ Kf6 28. Bc7 Rac6 29. Bd8+ Kg6 30. g3 Rc8 31. Bb6 Bxb6 32. Rxb6 Ra3 33. g4 Rxa5 34. f4 Re8 35. h4 f5 36. h5+ Kf7 37. g5 d4 38. Rc1 Re7 39. Rd1 Rd5 40. Rd3 Ra7 41. g6+ hxg6 42. hxg6+ Kf6 43. Kf1 Rc7 44. Ke2 Rc2+ 45. Kf3 Rh2 46. Rb4 Rh3+ 47. Ke2 Rxd3 48. Kxd3 Kxg6 49. Rb1 Kf6 50. Re1 e5 51. fxe5+ Rxe5 52. Ra1 Rd5 53. Kc4 Rd7 54. Ra6+ Kg5 55. Kd3 f4 56. Ra1 Kf5 57. Ra5+ Kg4 58. Ra2 f3 59. Rb2 Kg3 60. Rb6 g5 0-1